000 00297nam a2200133Ia 4500
008 191201s2009 xx 000 0 und d
100 _aLipschutz, Seymour
245 0 _aData Structures
250 _a17th
260 _c2009
_bTMH
_aN.Delhi
300 _a9.27
650 _aCSE
942 _2ddc
_cBB
_07
999 _c7457
_d7457